| 000 | 01079nam a2200349 a 4500 | ||
|---|---|---|---|
| 003 | AR-BaBNM | ||
| 005 | 20251128204603.0 | ||
| 008 | 082120s2002 ||||||||||||||000 | spa|| | ||
| 020 | _a950-9095-52-4 | ||
| 040 | _cAR-BaBNM | ||
| 100 | 1 | _aSuárez de Ianni, Mirta Graciela | |
| 245 | 0 | 0 |
_aOrganización y administración escolar _bpara los cursos de profesorado de los niveles pre-escolar, primario y medio |
| 250 | _a1ª ed. | ||
| 260 |
_aBuenos Aires _bBraga _c1993 |
||
| 300 |
_a168 p. _bdiagr., tablas |
||
| 504 | _aBibliografía: p. 161-163 | ||
| 650 | 4 | _aADMINISTRACION DE LA EDUCACION | |
| 650 | 4 | _aORGANIZACION ESCOLAR | |
| 650 | 4 | _aFORMACION DE DOCENTES | |
| 650 | 4 | _aCURRICULO | |
| 653 | _aSISTEMA EDUCATIVO | ||
| 653 | _aEDUCACION INICIAL | ||
| 653 | _aEDUCACION PRIMARIA | ||
| 653 | _aEDUCACION SECUNDARIA | ||
| 653 | _aLEGISLACION EDUCATIVA | ||
| 653 | _aSUPERVISION DE ESCUELAS | ||
| 653 | _aDIRECTORES DE ESCUELA | ||
| 700 | 1 | _aVeiga de Basanta, Silvia Noemí | |
| 700 | 1 |
_aRuíz, Daniel J. _eprologuista |
|
| 942 | _cBK | ||
| 998 | _csilvi | ||
| 999 |
_c8033 _d8033 |
||